|
|
|
|
| LEADER |
00891nam a22002417a 4500 |
| 003 |
GR-PaULI |
| 005 |
20210117210913.0 |
| 007 |
ta |
| 008 |
190522b1975 ||||f s||| 00| 0 spa d |
| 952 |
|
|
|0 0
|1 0
|2 nlm
|4 0
|6 HB3573
|7 1
|9 232368
|a MEDI
|b MEDI
|c DON
|d 2019-05-28
|i 1489
|l 0
|o HB3573
|p 025000175432
|r 2019-05-28 00:00:00
|t 1
|v 2019.00
|w 2019-05-28
|y BKN
|z Δωρεά Β. Βαλαώρα (αίθουσα δωρεών)
|
| 999 |
|
|
|c 141136
|d 141136
|
| 040 |
|
|
|a GR-PaULI
|b gre
|c GR-PaULI
|e AACR2
|
| 060 |
|
|
|a HB3573
|
| 245 |
0 |
3 |
|a La poblacion del paraguay.
|
| 260 |
|
|
|a [χ.τ.]:
|b CICRED,
|c [χ.χ.].
|
| 300 |
|
|
|a 194 σ. ;
|c 23 εκ.
|
| 490 |
|
|
|a C.I.C.R.E.D. series
|
| 500 |
|
|
|a 1974 año mundial de la poblacion.
|
| 650 |
|
4 |
|9 1332
|a Πληθυσμός
|
| 650 |
|
4 |
|9 85113
|a Δημογραφική στατιστική
|
| 830 |
0 |
|
|9 175593
|a C.I.C.R.E.D. series
|
| 942 |
|
|
|2 nlm
|c BKN
|
| 998 |
|
|
|c ΜΑΝΙΑΚΗ
|d 2019
|